MARC
| LEADER | 00000nam a2200000Ia 4500 | ||
|---|---|---|---|
| 008 | 170316s9999 xx 000 0 spa d | ||
| 999 | |c 30906 |d 30906 | ||
| 020 | |a 84-7889-080-7 | ||
| 040 | |a cru BVZT | ||
| 090 | |a 800-ES S-1p | ||
| 100 | |a Scott, Walter | ||
| 245 | 2 | |a El Pirata |c / Walter Scott | |
| 250 | |a Segunda edición | ||
| 260 | |a Madrid, España | ||
| 260 | |b YERICO | ||
| 260 | |c 1990 | ||
| 300 | |a 207 páginas | ||
| 650 | |a OTRAS LITERATURAS |9 193 | ||
| 650 | |a LITERATURA ESCOCESA | ||
| 650 | |a NOVELA |9 13 | ||
| 942 | |c 15 D |h 800-ES S-1p |2 z | ||



